000 00860cam a2200253M 4500
005 20180312142003.0
008 140401s1995 sp a gr 000 j spa d
020 _a8477226784
020 _a9788477226789
040 _aCO-BoUCM
_bspa
_cJose A. Gerena
_dDiana Londoño
041 1 _aspa
100 1 _aRoss, Tony
_939318
245 1 0 _a¡No hagas eso!
_cTony Ross ; traducción de Herminia Dauer
260 _aBarcelona (España)
_bTimun mas
_c1995
300 _a[32] páginas
_bilustraciones a color
490 _aLa nube de algodón
650 7 _aCuentos infantiles ingleses
_912288
650 7 _aLibros ilustrados para niños
_918516
690 _942863
_aLiteratura europea
700 1 _aDauer, Herminia
_etraductor
_959363
765 _tDon't do that!
942 _a18
_cLIBRO
_e1
_mR823n
_2DEWEY
_h823.914
_n0
999 _c240451
_d240451